A nemzetiszocialista külpolitika 1933-1939

Elmentve itt :
Bibliográfiai részletek
Szerző: Kremser Péter
További közreműködők: Bodnár László (Témavezető)
Dokumentumtípus: Szakdolgozat
Megjelent: 2004
Tárgyszavak:
Online Access:http://diploma.bibl.u-szeged.hu/28501
LEADER 00555nta a2200157 i 4500
001 dipl28501
005 20130314085701.0
008 110712s2004 hu om 0|| zxx d
040 |a SZTE Diploma Repozitórium  |b hun 
041 |a zxx 
100 1 |a Kremser Péter 
245 1 2 |a A nemzetiszocialista külpolitika 1933-1939  |h [elektronikus dokumentum] /  |c Péter Kremser 
260 |c 2004 
650 4 |a Jogi és igazgatási tanulmányok 
700 1 |a Bodnár László  |e ths 
856 4 0 |u http://diploma.bibl.u-szeged.hu/id/eprint/28501/1/2004_kremser_peter.pdf  |z Dokumentum-elérés